| 000 | 00487nam a2200157 a 4500 | ||
|---|---|---|---|
| 001 | 000036497 | ||
| 005 | 20200930075750.0 | ||
| 008 | 120118s1981 cl ac 000 0 spa d | ||
| 040 |
_aDO-SdBNP _bspa _cBNPHU |
||
| 082 |
_axxxx _bV447 |
||
| 245 | 0 | 0 |
_aVen y verás, 1o medio : _bllamados a la conversión y fe en Cristo. |
| 250 | _a2a ed. | ||
| 260 |
_aSantiago de Chile : _bSalesiana, _c1981. |
||
| 300 |
_a152 p. ; _c26 cm. |
||
| 700 | 1 | 2 |
_aCentro Estudios y Experienciaas Catequística _962739 |
| 999 |
_c35988 _d35988 |
||